US States with the Highest Unemployment Rates - Statistics

General Stats
  • This quiz has been taken 38 times
  • The average score is 12 of 15
Answer Stats
Percentage US States % Correct
5.3% California
95%
4.9% Ohio
89%
4.7% Alaska
86%
4.8% Illinois
86%
4.3% New Mexico
86%
4.6% Washington
86%
4.7% Oregon
84%
4.8% Colorado
81%
5.5% Michigan
81%
4.8% New Jersey
81%
5.2% Kentucky
78%
4.4% Louisiana
78%
5.6% Nevada
76%
4.6% Massachusetts
70%
4.9% Rhode Island
62%
No matching quizzes found
Score Distribution
Percent of People with Each Score
Percentile by Number Answered
Your Score History
You have not taken this quiz